แสดงรายละเอียดบรรณานุกรม
  กลับหน้าหลัก

Brief Record : Get Marc (ISO 2709) : E-mail record : QR code ปิดหน้าต่าง
E-books : เกี่ยวกับ Collections
LEADER 00000nam 2200000uu 4500
001    212038
003     ULIBM
008    180604s||||||||th 000 0 tha d
020    ^a9786167902739
040    ^abcnkk
041    ^atha
060 04 ^aWG102^bก185ส 2561
100 0  ^aกรองกาญจน์ ชูทิพย์
245 10 ^aสรีรวิทยาระบบหัวใจร่วมหลอดเลือดกับการประยุกต์ใช้ทางเภสัชวิทยา =^bCardiovascular physiology and pharmacologicalapplications /^cกรองกาญจน์ ชูทิพย์
246 31 ^aCardiovascular physiology and pharmacological applications
250    ^aพิมพ์ครั้งที่ 2
260    ^aพิษณุโลก :^bสำนักพิมพ์มหาวิทยาลัยนเรศวร,^c2561
300    ^ax, 540 หน้า :^bภาพประกอบ ;^c27 ซม.
650  2 ^aCardiovascular Physiological Phenomena
650  2 ^aCardiovascular System^xanatomy & histology
650  2 ^aRespiratory Physiology
650  2 ^aRespiratory System^xanatomy & histology
650  4 ^aหัวใจ^xสรีรวิทยา
650  4 ^aหัวใจร่วมหลอดเลือด, ระบบ^xสรีรวิทยา
710 2  ^aมหาวิทยาลัยนเรศวร.^bคณะวิทยาศาสตร์การแพทย์.^bภาควิชาสรีรวิทยา
999    ^aใช้งานได้ทุกระบบ
รายการนี้ยังไม่มีแท็ก
คุณยังไม่ได้ล็อกอิน คุณสามารถมีกิจกรรมร่วมกับเว็บไซต์ได้ แต่ต้องล็อกอินก่อน ::
  ล็อกอิน
ลำดับที่ ประเภท เลขเรียก สถานที่ สถานะ
1. วิทยาศาสตร์สุขภาพ
วิทยาศาสตร์สุขภาพ
WG102 ก185ส 2561 ฉ.1 
  
วิทยาศาสตร์สุขภาพ ถูกยืม กำหนดส่งวันที่ 10 มิถุนายน 2569
  จอง
Note:จัดซื้อปีงบ 61
2. วิทยาศาสตร์สุขภาพ
วิทยาศาสตร์สุขภาพ
WG102 ก185ส 2561 ฉ.2 
  
วิทยาศาสตร์สุขภาพ On Shelf
  ขอยืม
Note:จัดซื้อปีงบ 61
   [แสดง 2/2 รายการ]

BibComment


ยังไม่เคยถูกคอมเมนท์

คอมเมนท์ทรัพยากรรายการนี้
  คอมเมนท์: สรีรวิทยาระบบหัว..
Bib 212038

 
 
 

 Union Library Management : ULibM
Copyright 2026. All Rights Reserved.
скачать бесплатно без регистрации порно красивый секс HD Sex Hindi sex

xxx gou

xxxx

bfxxx

xxxwww

Секса Видео

xxxx

Секса Видео

detube

geilexxx

C99 Shell

worms shell

blod xxx video
Ebony Coed Rihanna Rimes Takes A Dick In Her Young Twat priyaa indian fuck anal and pusssy hardcore indian women xxx desi hardcore fucking part 1 bengalixxxcouple